Quiz o Polse ale dla debili #2 - Statystyki

Ogólne statystyki
  • Ten quiz został rozwiązany 754 razy
  • Średni wynik to 7 z 8
Statystyki odpowiedzi
Zagadnienie Odpowiedź % Poprawnych
Z którym z tych państw nie graniczy Polska? Madagaskarem
97%
Jaki jest język urzędowy w Polsce? Polski
90%
Ile kolorów ma Polska flaga? 2
87%
W którym mieście żyje więcej ludzi? Warszawie
87%
Jaka jest najdłuższa Polska rzeka? Wisła
87%
Czy Podlasie leży w Polsce? Tak
83%
Ile razy Polska wygrała mistrzostwa świata w piłce nożnej? 0
77%
Który z tych cytatów nie jest Mariusza Mariusz Pudzianowski ? Żeby żyć trzeba pić, żeby pić trzeba żyć
67%
Nie znaleziono quizów pasujących do podanych kryteriów
Rozkład punktacji
Procent ludzi z każdym wynikiem
Percentyl według liczby udzielonych odpowiedzi
Twoja historia wyników
Nie rozwiązałeś tego quizu